Sha : (Record no. 7145)

MARC details
000 -LEADER
campo de control de longitud fija 00490nam a22001817a 4500
001 - NÚMERO DE CONTROL
campo de control 28157
005 - FECHA Y HORA DE LA ÚLTIMA TRANSACCIÓN
campo de control 20250522045747.0
008 - DATOS DE LONGITUD FIJA--INFORMACIÓN GENERAL
campo de control de longitud fija 5230201980 sp
020 ## - NÚMERO INTERNACIONAL ESTÁNDAR DEL LIBRO
Número Internacional Estándar del Libro 84-01-30289-7
082 ## - NÚMERO DE LA CLASIFICACIÓN DECIMAL DEWEY
Número de clasificación 863.6 V999s3
100 ## - ENTRADA PRINCIPAL--NOMBRE DE PERSONA
Nombre de persona Vázquez-Figueroa, Alberto.
245 ## - MENCIÓN DEL TÍTULO
Título Sha :
Mención de responsabilidad, etc. Alberto Vázquez-Figueroa.
250 ## - MENCION DE EDICION
Mención de edición 3
260 ## - PUBLICACIÓN, DISTRIBUCIÓN, ETC.
Lugar de publicación, distribución, etc. Barcelona, España,
Nombre del editor, distribuidor, etc. Plaza & Janes Editores
Fecha de publicación, distribución, etc. 1980
300 ## - DESCRIPCIÓN FÍSICA
Extensión 240 páginas ; 19 cm.
650 ## - PUNTO DE ACCESO ADICIONAL DE MATERIA--TÉRMINO DE MATERIA
Término de materia o nombre geográfico como elemento de entrada 1.Novela Española
700 ## - ENTRADA AGREGADA--NOMBRE PERSONAL
Nombre de persona I.Título
Holdings
Estatus retirado Estado de pérdida Estado de daño No para préstamo Colección Biblioteca de origen Biblioteca actual Fecha de adquisición Total de préstamos Signatura topográfica completa Código de barras Visto por última vez Copia número Precio de reemplazo Tipo de ítem Koha
        Acervo general de Libros Biblioteca Central Mons. Favio M. Rivas S. Biblioteca Central Mons. Favio M. Rivas S. 16/02/2022   863.6 V999s3 000000009722 23/05/2025 1 23/05/2025 Libros